000 00202nam a22000857a 4500
999 _c11561
_d11561
008 190618b ||||| |||| 00| 0 eng d
100 _aDavis .Tom
_97268
245 _a Scared
260 _aU S A
_bdavid
_c2009